survey and indentification of important diseases on welsh onion (Allium fistulosum L.) ការសិក្សារនិងការកំណាត់អត្តសញ្ញណប្រភេទជំងឺសំខាន់ៗទៅលើដំណាំខ្ទឹមស្លឹក (Record no. 17770)
[ view plain ]
| 000 -LEADER | |
|---|---|
| fixed length control field | 00681nam a22001577a 4500 |
| 003 - CONTROL NUMBER IDENTIFIER | |
| control field | OSt |
| 005 - DATE AND TIME OF LATEST TRANSACTION | |
| control field | 20190123153945.0 |
| 008 - FIXED-LENGTH DATA ELEMENTS--GENERAL INFORMATION | |
| fixed length control field | 190123b xxu||||| |||| 00| 0 eng d |
| 040 ## - CATALOGING SOURCE | |
| Transcribing agency | RUA |
| 082 ## - DEWEY DECIMAL CLASSIFICATION NUMBER | |
| Classification number | AGR LIM 2017 B625 Or.1 |
| 100 ## - MAIN ENTRY--PERSONAL NAME | |
| 9 (RLIN) | 13431 |
| Personal name | LIM SATHYA លឹម សត្យា |
| 245 ## - TITLE STATEMENT | |
| Title | survey and indentification of important diseases on welsh onion (Allium fistulosum L.) ការសិក្សារនិងការកំណាត់អត្តសញ្ញណប្រភេទជំងឺសំខាន់ៗទៅលើដំណាំខ្ទឹមស្លឹក |
| 260 ## - PUBLICATION, DISTRIBUTION, ETC. (IMPRINT) | |
| Place of publication, distribution, etc. | Phnom Penh |
| Name of publisher, distributor, etc. | RUA |
| Date of publication, distribution, etc. | 2017 |
| 300 ## - PHYSICAL DESCRIPTION | |
| Extent | ix;24p |
| Other physical details | ill; |
| Dimensions | 29cm; |
| 942 ## - ADDED ENTRY ELEMENTS (KOHA) | |
| Source of classification or shelving scheme | |
| Koha item type | AGR |
| Price effective from | Date last seen | Permanent Location | Not for loan | Date acquired | Source of classification or shelving scheme | Koha item type | Lost status | Withdrawn status | Date last checked out | Total Checkouts | Shelving location | Damaged status | Barcode | Current Location | Full call number |
|---|---|---|---|---|---|---|---|---|---|---|---|---|---|---|---|
| 2019-01-23 | 2019-01-23 | Library Block B | 2019-01-23 | AGR | B625 | A40171 | Library Block B | AGR LIM 2017 B625 Or.1 | |||||||
| 2019-01-23 | 2019-01-23 | Library Block B | 2019-01-23 | AGR | B625 | A40778 | Library Block B | AGR LIM 2017 B625 Or.2 | |||||||
| 2019-01-23 | 2019-01-23 | Library Block B | 2019-01-23 | AGR | B625 | A39871 | Library Block B | AGR LIM 2017 B625 Or.3 | |||||||
| 2019-01-23 | 2019-01-23 | Library Block B | 2019-01-23 | AGR | B625 | A41876 | Library Block B | AGR LIM 2017 B625 Or.4 | |||||||
| 2019-01-23 | 2019-01-23 | Library Block B | 2019-01-23 | AGR | B625 | A40185 | Library Block B | AGR LIM 2017 B625 Or.5 | |||||||
| 2019-01-23 | 2019-10-01 | Library Block B | 2019-01-23 | AGR | 2019-08-30 | 1 | B625 | A41726 | Library Block B | AGR LIM 2017 B625 Or.6 |